| 000 | 00873nam a2200229 i 4500 | ||
|---|---|---|---|
| 001 | 189436 | ||
| 003 | SpMaBN | ||
| 005 | 20250828063302.0 | ||
| 008 | 190531s2018 sp c |||| |dspa d | ||
| 080 | _a7 Cruz Novillo, José María | ||
| 100 | 1 |
_aCruz Novillo, José María, _d1936- _9167193 |
|
| 245 | 1 | 4 |
_aUna visita a la cronocromofonía / _cJosé María Cruz Novillo. |
| 260 |
_a[Madrid] : _bReal Academia de Bellas Artes de San Fernando, _c[2018] |
||
| 300 |
_a1 h. pleg. (6 p.) : _bil. col., 1 retr. ; _c21 cm. |
||
| 490 | 1 |
_aPliegos de pensamiento vivo ; _v5 |
|
| 600 | 1 | 7 |
_aCruz Novillo, José María, _d1936- _2 _9167193 |
| 650 | 7 |
_aArte y música _2embne _9167218 |
|
| 710 | 2 |
_aReal Academia de Bellas Artes de San Fernando. _96291 |
|
| 830 | 0 |
_aPliegos de pensamiento vivo ; _v5 _9193319 |
|
| 852 |
_aES-MaACL _j2340-F-5 |
||
| 999 |
_c189436 _d189436 |
||